Tác phẩm được giải thưởng - Tự lực văn đoàn

Đã lưu trong:
书目详细资料
其他作者: Bích Thu Lưu Khánh Thơ Thủy Liên (Sưu tầm)
格式: 图书
语言:Vietnamese
出版: H. Văn học 2001
主题:
标签: 添加标签
没有标签, 成为第一个标记此记录!
Thư viện lưu trữ: Mạng thư viện Đại học Đà Nẵng
LEADER 01100nam a2200313 4500
001 000014788
003 11158
005 20120515070522.0
008 120515s2001 viesd
020 |c 105000đ 
041 0 |a vie 
082 |a 895.922332  |b Tac 
245 0 |a Tác phẩm được giải thưởng - Tự lực văn đoàn  |c Bích Thu, Lưu Khánh Thơ, Thủy Liên (Sưu tầm) 
260 |a H.  |b Văn học  |c 2001 
300 |a 1002 tr.  |c 21 cm 
653 |a Tác phẩm được giải 
653 |a Tự lực văn đoàn 
653 |a Truyện ngắn 
700 |a Bích Thu  |a Lưu Khánh Thơ  |a Thủy Liên  |e Sưu tầm 
OWN |a LSP 
AVA |a UDN50  |b LSP  |d 895.922332 Tac  |e available  |t Error 5001 Not defined in file expand_doc_bib_avail.  |f 3  |g 0  |h N  |i 0  |k 1 
999 |a From the UDN01 
AVA |a UDN50  |b LSP  |d 895.922332 Tac  |e available  |t Error 5001 Not defined in file expand_doc_bib_avail.  |f 3  |g 0  |h N  |i 0  |k 1 
TYP |a Monograph 
TYP |a Printed language 
980 |a Mạng thư viện Đại học Đà Nẵng